Estadísticas para Países por Escudo de Armas #2

Haz click aquí para intentar la prueba.

Estadísticas generales

  • Esta prueba ha sido intentada 1.223 veces
  • La puntuación promedio es 10 de 15

Estadísticas de respuestas

Respuesta% Correcto
México
94%
Egipto
92%
Argentina
88%
Australia
87%
Perú
75%
Haití
74%
Ciudad del Vaticano
69%
Reino Unido
63%
Rusia
60%
Bután
53%
Japón
53%
Tailandia
53%
Arabia Saudita
47%
República Democrática del Congo
38%
Botsuana
36%

Distribución de puntuación

Porcentaje por número respondido

Porcentaje de gente con cada puntuación

Historial de tus puntuaciones

No has intentado esta prueba.